Az Alföld kréta időszaki vulkanitjainak kőzettani, kőzetkémiai jellemzése

Elmentve itt :
Bibliográfiai részletek
Szerző: Molnár Sándor
További közreműködők: Grasselly Gyula (Témavezető)
Dokumentumtípus: Disszertáció
Megjelent: 1984
Kulcsszavak:Kőzettan
Tárgyszavak:
Online Access:http://doktori.ek.szte.hu/6392
LEADER 00730nta a2200205 i 4500
001 dokt6392
005 20220706091113.0
008 220706s1984 hu om 0|| hun d
040 |a SZTE Doktori Repozitórium  |b hun 
041 |a hun 
100 1 |a Molnár Sándor 
245 1 3 |a Az Alföld kréta időszaki vulkanitjainak kőzettani, kőzetkémiai jellemzése  |h [elektronikus dokumentum] /  |c  Molnár Sándor 
260 |c 1984 
502 |a Disszertacio 
650 4 |a földtudományok 
650 4 |a Természettudományok 
650 4 |a Föld- és kapcsolódó környezettudományok 
695 |a Kőzettan 
700 1 |a Grasselly Gyula  |e ths 
856 4 0 |u https://doktori.bibl.u-szeged.hu/id/eprint/6392/1/1984_molnar_sandor.pdf  |z Dokumentum-elérés